Le Crotoy - Choix multiples - Statistiques

Statistiques générales
  • Ce quiz a été pris 6 fois
  • Le résultat moyen est 8 sur 10
Statistiques - réponses
Question Réponse % Correct
Lequel de ces tableaux est "Le Crotoy en aval" de Georges Seurat ?
100%
Parmi les villes suivantes, laquelle est la plus proche du Crotoy ? Abbeville
100%
Dans quelle région historique ou ancienne province de France se situe Le Crotoy ? En Picardie
100%
Sur quelle "baie" se situe Le Crotoy ? La baie de Somme
100%
Comment appelle-t-on les habitants du Crotoy ? Les Crotellois
100%
Parmi ces images, laquelle représente Le Crotoy ?
80%
Quel auteur de romans d'aventures séjourna pendant huit ans au Crotoy dans sa villa "La Solitude" ? Jules Verne
80%
Quelle figure de l'histoire de France fut emprisonnée dans le château du Crotoy pendant un mois ? Sainte Jeanne d'Arc
80%
Quelle est la particularité de l'école d'aviation des frères Caudron, qu'ils ont fondée au Crotoy ? Elle a formé une aviatrice noire américaine interdite de brevet dans son pays.
40%
Dans quel film Michel Audiard fait dire au personnage de Bernard Blier : "Fini la p'tite auto, fini les vacances au Crotoy, fini l'Tiercé !" ? Un idiot à Paris
40%
Aucun quiz correspondant
Distribution des résultats
% des personnes avec chaque résultat
Percentile par nombre de réponses
Votre historique - résultats
Vous n’avez pas pris ce quiz